China Statistical Yearbook (Record no. 6443)

MARC details
000 -LEADER
fixed length control field 00516nam a22002177i 4500
001 - CONTROL NUMBER
control field 7582
003 - CONTROL NUMBER IDENTIFIER
control field OSt
005 - DATE AND TIME OF LATEST TRANSACTION
control field 20170126082402.0
007 - PHYSICAL DESCRIPTION FIXED FIELD--GENERAL INFORMATION
fixed length control field tu
008 - FIXED-LENGTH DATA ELEMENTS--GENERAL INFORMATION
fixed length control field 161220s xxu||||| |||| 00| 0 d
024 7# - OTHER STANDARD IDENTIFIER
Standard number or code 7582
Source of number or code RID
024 7# - OTHER STANDARD IDENTIFIER
Standard number or code 7582
Source of number or code RSN (alt)
040 ## - CATALOGING SOURCE
Transcribing agency OSt
110 2# - MAIN ENTRY--CORPORATE NAME
Corporate name or jurisdiction name as entry element National Bureau of Statistics of China
245 00 - TITLE STATEMENT
Title China Statistical Yearbook
260 ## - PUBLICATION, DISTRIBUTION, ETC.
Place of publication, distribution, etc. China.
490 ## - SERIES STATEMENT
Series statement China Statistical Yearbook
651 ## - SUBJECT ADDED ENTRY--GEOGRAPHIC NAME
Geographic name China
856 ## - ELECTRONIC LOCATION AND ACCESS
Uniform Resource Identifier <a href="http://www.stats.gov.cn">http://www.stats.gov.cn</a>
866 #0 - TEXTUAL HOLDINGS--BASIC BIBLIOGRAPHIC UNIT
-- 1998-2000; 2005-2008
942 ## - ADDED ENTRY ELEMENTS (KOHA)
Koha item type Statistics
Holdings
Withdrawn status Lost status Damaged status Not for loan Home library Current library Shelving location Date acquired Serial Enumeration / chronology Inventory number Total Checkouts Barcode Date last seen Price effective from Koha item type
        WIIW WIIW Library 11/19/2008 5.Stock 7582   10003554 01/26/2017 01/26/2017 Statistics
The Vienna Instiute for International Economic Studies (wiiw)